00233nam a2200085Ia 4500008004100000100002600041245004000067260003100107260000900138170620s9999 xx 000 0 und d aGopalakrishnan- P. V. 0aEducational Opportunities in Abroad bDelhi- Kalpaz Publications c2005